[Event "Elit(LASK-Team Viking)"]
[Site "?"]
[Date "2014.03.08"]
[Round "8"]
[White "Hansen, Sune Berg"]
[Black "Ivanov, Sergey"]
[Result "1-0"]
[WhiteElo "2636"]
[BlackElo "2624"]
[PlyCount "59"]
[EventDate "2014.??.??"]

1. d4 Nf6 2. Nf3 e6 3. c4 b6 4. Bf4 Bb7 5. e3 Bb4+ 6. Nfd2 O-O 7. a3 Be7 8. Nc3
d5 9. cxd5 exd5 10. Be2 c5 11. O-O cxd4 12. exd4 Nc6 13. Nf3 Ne4 14. Rc1 Rc8
15. Re1 Bf6 16. Bb5 Na5 17. Ne5 Nxc3 18. bxc3 Nc4 19. Qg4 Nd6 20. Ba4 b5 21.
Nd7 h5 22. Qh3 Rc6 23. Bc2 Bc8 24. Qxh5 g6 25. Nxf6+ Qxf6 26. Qh6 Nf5 27. Bxf5
Qxf5 28. Be5 f6 29. Bd6 Rxd6 30. Re7 1-0

[Event "Elit(LASK-Team Viking)"]
[Site "?"]
[Date "2014.03.08"]
[Round "8"]
[White "Cramling, Pia"]
[Black "Smith, Axel"]
[Result "1/2-1/2"]
[WhiteElo "2530"]
[BlackElo "2544"]
[PlyCount "78"]

1. d4 d5 2. c4 c6 3. cxd5 cxd5 4. Bf4 Nf6 5. Nc3 Qb6 6. e3 Qxb2 7. Bb5+ Bd7 8.
Bxd7+ Nbxd7 9. Nge2 Qa3 10. Rb1 b6 11. O-O a6 12. Bc7 e6 13. Rb3 Qa5 14. Qb1
Be7 15. Bxb6 Nxb6 16. Rxb6 O-O 17. Rb7 Bd6 18. Qb6 Qxb6 19. Rxb6 Bc7 20. Rb7
Rfc8 21. Rc1 Ne8 22. Na4 Rab8 23. Rxb8 Rxb8 24. g3 Kf8 25. Rc2 Ke7 26. Nc1 Bd6
27. Nd3 Nc7 28. h4 f6 29. Nac5 Rb5 30. Kg2 Bxc5 31. Nxc5 Kd6 32. f4 h5 33. Kf3
Rb1 34. e4 dxe4+ 35. Nxe4+ Kd7 36. Nc5+ Kd6 37. Ne4+ Kd7 38. Nc5+ Kd6 39. Ne4+
Kd7 1/2-1/2

[Event "Elit(LASK-Team Viking)"]
[Site "?"]
[Date "2014.03.08"]
[Round "8"]
[White "Semcesen, Daniel"]
[Black "Berg, Emanuel"]
[Result "0-1"]
[WhiteElo "2535"]
[BlackElo "2560"]
[PlyCount "80"]

1. d4 Nf6 2. c4 g6 3. Nc3 Bg7 4. e4 d6 5. h3 O-O 6. Nf3 e5 7. d5 a5 8. g4 Na6
9. Be3 c6 10. Be2 Bd7 11. Nd2 a4 12. Nxa4 cxd5 13. cxd5 Bxa4 14. Qxa4 Nc5 15.
Qc2 Rc8 16. Qb1 Nfd7 17. g5 f5 18. h4 fxe4 19. Nxe4 Nxe4 20. Qxe4 Nc5 21. Qg4
e4 22. Kf1 Rf5 23. Kg2 Qe7 24. h5 Rcf8 25. hxg6 hxg6 26. Rad1 Nd3 27. Bxd3 exd3
28. Rxd3 Bxb2 29. Rd2 Bc3 30. Rc2 Qe5 31. Rd1 b5 32. a3 Ra8 33. Kg1 Rxa3 34.
Qh3 Qe4 35. Re2 Be5 36. Kf1 Qc4 37. Qh6 Rxe3 38. Qxg6+ Bg7 39. Rdd2 Rxe2 40.
Rxe2 Re5 0-1

[Event "Elit(LASK-Team Viking)"]
[Site "?"]
[Date "2014.03.08"]
[Round "8"]
[White "Lindberg, Bo"]
[Black "Nilsson, Sebastian"]
[Result "1-0"]
[WhiteElo "2492"]
[BlackElo "2381"]
[PlyCount "65"]

1. d4 Nf6 2. Bg5 e6 3. e4 h6 4. Bxf6 Qxf6 5. c3 d6 6. Bd3 e5 7. Ne2 g6 8. O-O
Bg7 9. f4 Qe7 10. f5 O-O 11. Nd2 Nd7 12. Qc2 Nf6 13. Rf3 Bd7 14. Raf1 Kh7 15.
Nc4 gxf5 16. Ne3 f4 17. Nxf4 c6 18. Nfd5 cxd5 19. Rxf6 Qxf6 20. exd5+ Kh8 21.
Rxf6 Bxf6 22. Qf2 Bg5 23. Nf5 e4 24. Bxe4 Rae8 25. Nxd6 f5 26. Nxe8 Rxe8 27. h4
Bxh4 28. Qxh4 fxe4 29. Qxh6+ Kg8 30. Qe3 Bb5 31. b3 Bd3 32. d6 Kf7 33. d5 1-0

[Event "Elit(LASK-Team Viking)"]
[Site "?"]
[Date "2014.03.08"]
[Round "8"]
[White "Stuvik Holm, Kristian"]
[Black "Westerberg, Jonathan"]
[Result "1/2-1/2"]
[WhiteElo "2349"]
[BlackElo "2476"]
[PlyCount "68"]

1. d4 Nf6 2. c4 e6 3. Nc3 Bb4 4. Qc2 Nc6 5. Nf3 d6 6. Bd2 Qe7 7. g3 Bxc3 8.
Bxc3 a5 9. b3 O-O 10. e3 e5 11. Be2 Bg4 12. dxe5 dxe5 13. O-O Rfe8 14. Bb2 Nd7
15. Rfd1 Nc5 16. Rd5 Be6 17. Rdd1 f6 18. Bc3 Nd7 19. Qb2 Qf7 20. Qc2 a4 21. b4
Nb6 22. Bd3 g6 23. b5 Nd8 24. Bb4 Nxc4 25. Rac1 Nb6 26. Qxc7 Qxc7 27. Rxc7 Bd5
28. Nd2 Ne6 29. Rc3 Rac8 30. Rdc1 Kf7 31. Ne4 Rxc3 32. Nd6+ Kg8 33. Rxc3 Rd8
34. h4 Rd7 1/2-1/2

[Event "Elit(LASK-Team Viking)"]
[Site "?"]
[Date "2014.03.08"]
[Round "8"]
[White "Bellon Lopez, Juan"]
[Black "Dragicevic, Drazen"]
[Result "1-0"]
[WhiteElo "2428"]
[BlackElo "2334"]
[PlyCount "87"]

1. d4 Nf6 2. Nf3 g6 3. Bf4 Bg7 4. e3 b6 5. Nbd2 Bb7 6. Bc4 O-O 7. O-O c5 8. c3
d6 9. h3 Nbd7 10. Bh2 Re8 11. Bb3 b5 12. a4 a6 13. Qe2 c4 14. Bc2 e5 15. dxe5
dxe5 16. Rfd1 Qe7 17. e4 Nc5 18. axb5 axb5 19. Rxa8 Bxa8 20. Bxe5 Nfxe4 21.
Bxg7 Nxd2 22. Qxe7 Nxf3+ 23. gxf3 Rxe7 24. Bh6 Ne6 25. Be4 Bxe4 26. fxe4 f6 27.
Be3 g5 28. Rd6 Kf7 29. Rb6 Nf4 30. Bxf4 gxf4 31. Rxb5 Rxe4 32. Kg2 Kg6 33. Kf3
f5 34. Rc5 Kf6 35. Rc7 Kg6 36. h4 Kh6 37. Rd7 Kg6 38. Rd4 Kh5 39. Rxe4 fxe4+
40. Kxe4 Kxh4 41. Kxf4 Kh5 42. Kf5 Kh4 43. f4 h5 44. Ke5 1-0

[Event "Elit(LASK-Team Viking)"]
[Site "?"]
[Date "2014.03.08"]
[Round "8"]
[White "Frisk, Ellinor"]
[Black "Sagit, Rauan"]
[Result "1/2-1/2"]
[WhiteElo "2255"]
[BlackElo "2430"]
[PlyCount "108"]

1. Nf3 c5 2. c4 g6 3. g3 Bg7 4. Bg2 Nc6 5. O-O d6 6. Nc3 Qd7 7. e3 Bxc3 8. bxc3
b6 9. d3 Bb7 10. e4 h6 11. Qe2 g5 12. Bd2 Nf6 13. Rfb1 Qc7 14. Be3 e6 15. Nd2
Nd7 16. a4 a5 17. Rf1 O-O-O 18. f4 f6 19. f5 e5 20. h3 h5 21. Ra2 Rde8 22. Nb1
Na7 23. Qc2 Kd8 24. Na3 Ke7 25. Kh1 Kf8 26. Kg1 Kf7 27. Kh1 Rb8 28. Rb1 Bc6 29.
Rbb2 Rbe8 30. Ra1 Qd8 31. Kg1 Kg7 32. Kh1 Qe7 33. Kg1 Rc8 34. Kh1 h4 35. g4
Rhe8 36. Bf2 Rh8 37. Kg1 Rcd8 38. Kh1 Rh7 39. Kg1 Kh8 40. Kh1 Rb8 41. Kg1 Qe8
42. Nb1 Nf8 43. Kf1 Re7 44. Kg1 Nc8 45. Kf1 Rbb7 46. Kg1 Rh7 47. Nd2 Rbe7 48.
Nf1 Rb7 49. Ne3 Nd7 50. Kf1 Ra7 51. Kg1 Rb7 52. Kf1 Ra7 53. Qd1 Rb7 54. Qc2 Ra7
1/2-1/2

[Event "Elit(Rockaden,Sthlm-Eksjo)"]
[Site "?"]
[Date "2014.03.08"]
[Round "8"]
[White "Gdanski, Jacek"]
[Black "Barkhagen, Jonas"]
[Result "1/2-1/2"]
[WhiteElo "2574"]
[BlackElo "2483"]
[PlyCount "49"]

1. e4 e6 2. d4 d5 3. Nd2 dxe4 4. Nxe4 Bd7 5. Nf3 Bc6 6. Bd3 Nd7 7. O-O Ngf6 8.
Ng3 Be7 9. Qe2 Bxf3 10. Qxf3 c6 11. b3 Qa5 12. a3 O-O 13. Bb2 Rfd8 14. Rfe1 Bf8
15. h4 g6 16. c4 Bg7 17. b4 Qc7 18. h5 a5 19. Bc3 axb4 20. axb4 Rxa1 21. Rxa1
b5 22. cxb5 cxb5 23. Bxb5 Nd5 24. Bd2 Bxd4 25. Rc1 1/2-1/2

[Event "Elit(Rockaden,Sthlm-Eksjo)"]
[Site "?"]
[Date "2014.03.08"]
[Round "8"]
[White "Blomqvist, Erik"]
[Black "Bejtovic, Jasmin"]
[Result "1/2-1/2"]
[WhiteElo "2580"]
[BlackElo "2459"]
[PlyCount "227"]

1. e4 c5 2. Nf3 Nc6 3. d4 cxd4 4. Nxd4 g6 5. Nc3 Bg7 6. Be3 Nf6 7. Bc4 Qa5 8.
O-O O-O 9. Bb3 d6 10. Nd5 Re8 11. Nxf6+ Bxf6 12. c3 Ne5 13. h3 Qa6 14. Nc2 Nd3
15. Qe2 Be6 16. Bxe6 fxe6 17. Nd4 e5 18. Nb3 Nc5 19. Qg4 Na4 20. Rab1 b5 21.
Rfd1 Qc8 22. Rd5 a6 23. g3 Kg7 24. Kg2 Qc6 25. h4 h5 26. Qe6 Qc8 27. Qxc8 Rexc8
28. Kf1 Rab8 29. Ke1 Kf7 30. Kd2 Bg7 31. Kc2 Bf8 32. Nd2 e6 33. Rd3 Nc5 34.
Bxc5 Rxc5 35. a3 Ke7 36. Rd1 Bh6 37. Nb3 Rc6 38. Na5 Rcb6 39. b4 Rf8 40. f3 d5
41. Nb3 Rd6 42. Nc5 d4 43. cxd4 exd4 44. e5 Rd5 45. f4 Bxf4 46. gxf4 Rxf4 47.
Nb3 Rxe5 48. Rxd4 Re2+ 49. R1d2 Rxd2+ 50. Kxd2 Rf2+ 51. Ke3 Ra2 52. Nc5 Rxa3+
53. Kf4 a5 54. Rd7+ Ke8 55. Rb7 axb4 56. Nxe6 b3 57. Rxb5 Ra4+ 58. Kg5 Rg4+ 59.
Kf6 Kd7 60. Rxb3 Rxh4 61. Nf8+ Kd6 62. Nxg6 Rh1 63. Kg5 h4 64. Nxh4 Kd5 65. Nf3
Ke4 66. Kg4 Rh8 67. Rb5 Rg8+ 68. Ng5+ Kd4 69. Rf5 Ke3 70. Rf4 Kd3 71. Ra4 Ke3
72. Kf5 Rf8+ 73. Ke5 Re8+ 74. Ne6 Kd3 75. Kd5 Kc3 76. Ra3+ Kb4 77. Re3 Rh8 78.
Re4+ Kc3 79. Rc4+ Kd3 80. Nc5+ Ke3 81. Rc3+ Kf4 82. Ne6+ Kg4 83. Ke5 Rh5+ 84.
Ke4 Ra5 85. Rc7 Ra4+ 86. Nd4 Kg5 87. Rf7 Kg6 88. Rf4 Ra1 89. Rf2 Ra4 90. Rd2
Kf6 91. Rb2 Kg6 92. Rb6+ Kg5 93. Rb5+ Kg6 94. Ke5 Ra1 95. Rb6+ Kg5 96. Ne6+ Kg4
97. Rb4+ Kg3 98. Nd4 Re1+ 99. Kf5 Rf1+ 100. Kg5 Rf8 101. Nf5+ Kg2 102. Rg4+ Kf2
103. Rf4+ Ke1 104. Kg4 Kd2 105. Rf3 Rg8+ 106. Kf4 Re8 107. Ra3 Rf8 108. Ra5 Kd3
109. Rd5+ Kc4 110. Re5 Kd3 111. Re3+ Kc4 112. Re8 Rxe8 113. Nd6+ Kd5 114. Nxe8
1/2-1/2

[Event "Elit(Rockaden,Sthlm-Eksjo)"]
[Site "?"]
[Date "2014.03.08"]
[Round "8"]
[White "Carlsson, Pontus"]
[Black "Karlsson, Lars"]
[Result "1/2-1/2"]
[WhiteElo "2597"]
[BlackElo "2456"]
[PlyCount "38"]

1. e4 e6 2. d4 d5 3. Nd2 a6 4. Ngf3 c5 5. dxc5 Bxc5 6. Bd3 Nf6 7. Qe2 Be7 8. e5
Nfd7 9. Nb3 Nc6 10. Bf4 g5 11. Bg3 h5 12. h4 g4 13. Nfd4 Nc5 14. c3 Nxb3 15.
Nxb3 Bd7 16. Bf4 Qc7 17. g3 O-O-O 18. O-O f6 19. exf6 Bd6 1/2-1/2

[Event "Elit(Rockaden,Sthlm-Eksjo)"]
[Site "?"]
[Date "2014.03.08"]
[Round "8"]
[White "Wiedenkeller, Michael"]
[Black "Mikkelsen, Nikolaj"]
[Result "1-0"]
[WhiteElo "2537"]
[BlackElo "2467"]
[PlyCount "80"]

1. d4 Nf6 2. c4 c5 3. d5 e6 4. Nc3 exd5 5. cxd5 d6 6. e4 g6 7. Bd3 Bg7 8. Nge2
a6 9. a4 Nbd7 10. O-O Ng4 11. h3 Nge5 12. Bc2 Rb8 13. f4 Nc4 14. Qd3 Na5 15. e5
dxe5 16. f5 Nf6 17. Bg5 Qb6 18. Qf3 O-O 19. Rab1 Nc4 20. Ng3 Nd6 21. Qe3 e4 22.
fxg6 fxg6 23. Kh1 Bf5 24. Bf4 Nfe8 25. Bxe4 Bd4 26. Qd3 Nxe4 27. Ncxe4 Rd8 28.
Qc4 Ng7 29. b4 Bxe4 30. Nxe4 Rxf4 31. Rxf4 Nh5 32. Rff1 Re8 33. d6+ Kh8 34.
bxc5 Rxe4 35. Rf8+ Kg7 36. Rg8+ Kh6 37. cxb6 Ng3+ 38. Kh2 Nf5 39. g3 Nxd6 40.
Qd3 Be5 1-0

[Event "Elit(Rockaden,Sthlm-Eksjo)"]
[Site "?"]
[Date "2014.03.08"]
[Round "8"]
[White "Vernersson, Per"]
[Black "Bator, Robert"]
[Result "1/2-1/2"]
[WhiteElo "2409"]
[BlackElo "2472"]
[PlyCount "58"]

1. Nf3 d5 2. c4 c6 3. d4 a6 4. e3 Bf5 5. Nc3 e6 6. Bd3 Bxd3 7. Qxd3 f5 8. O-O
Bd6 9. Bd2 Nf6 10. c5 Bc7 11. b4 Nbd7 12. a4 Ne4 13. b5 O-O 14. g3 e5 15. Qc2
Qf6 16. bxc6 bxc6 17. Rab1 Ra7 18. Ne2 g5 19. dxe5 Nxe5 20. Nxe5 Bxe5 21. Bc1
g4 22. Bb2 Ng5 23. Kg2 Qh6 24. Ng1 Nf3 25. h4 gxh3+ 26. Nxh3 Nh4+ 27. Kh2 Nf3+
28. Kg2 Nh4+ 29. Kh2 Nf3+ 1/2-1/2

[Event "Elit(Rockaden,Sthlm-Eksjo)"]
[Site "?"]
[Date "2014.03.08"]
[Round "8"]
[White "Engqvist, Thomas"]
[Black "Ornstein, Axel"]
[Result "1-0"]
[WhiteElo "2428"]
[BlackElo "2324"]
[PlyCount "51"]

1. Nf3 Nf6 2. c4 c5 3. Nc3 e6 4. d4 cxd4 5. Nxd4 a6 6. a3 b6 7. e4 d6 8. Be2
Bb7 9. f3 Be7 10. Be3 Nbd7 11. O-O O-O 12. Rc1 Re8 13. Qd2 Bf8 14. Rfd1 Qc7 15.
Bf1 Rad8 16. Qf2 Qb8 17. b4 Ba8 18. Nb3 Rc8 19. Na4 b5 20. Ba7 Qb7 21. cxb5
axb5 22. Na5 Qa6 23. Nc3 Rxc3 24. Rxc3 Bxe4 25. a4 d5 26. Rc6 1-0

[Event "Elit(Rockaden,Sthlm-Eksjo)"]
[Site "?"]
[Date "2014.03.08"]
[Round "8"]
[White "de Verdier, Michael"]
[Black "Lokander, Martin"]
[Result "1/2-1/2"]
[WhiteElo "2398"]
[BlackElo "2331"]
[PlyCount "49"]

1. Nf3 d5 2. d4 Nf6 3. c4 e6 4. Nc3 c6 5. e3 Nbd7 6. Bd3 dxc4 7. Bxc4 b5 8. Bd3
Bd6 9. O-O O-O 10. Qc2 Bb7 11. a3 Rc8 12. b4 c5 13. Nxb5 Bb8 14. bxc5 a6 15.
Nc3 Bxf3 16. gxf3 Nxc5 17. f4 Nxd3 18. Qxd3 Nd5 19. Nxd5 Qxd5 20. f3 Rc4 21.
Qe4 Qd7 22. Bd2 Bd6 23. Bb4 Bxb4 24. axb4 Qb5 25. Qd3 1/2-1/2

[Event "Elit(Rockaden,Sthlm-Eksjo)"]
[Site "?"]
[Date "2014.03.08"]
[Round "8"]
[White "Kenneskog, Theodor"]
[Black "Malesevic, Nedeljko"]
[Result "0-1"]
[WhiteElo "2346"]
[BlackElo "2336"]
[PlyCount "132"]

1. d4 d5 2. c4 e6 3. Nc3 Be7 4. Nf3 Nf6 5. Bf4 O-O 6. e3 c5 7. dxc5 Bxc5 8. Qc2
Nc6 9. a3 Qa5 10. Rd1 Ne4 11. Nd2 Nxd2 12. Qxd2 d4 13. Ne4 Qxd2+ 14. Rxd2 dxe3
15. Bxe3 Bxe3 16. fxe3 Ne5 17. Be2 Bd7 18. O-O Bc6 19. Nc3 Rfd8 20. Rfd1 Rxd2
21. Rxd2 Kf8 22. Kf2 Ke7 23. b3 a6 24. Rd4 f5 25. b4 b6 26. h3 g5 27. Nb1 Be4
28. Nc3 Bc6 29. Nb1 a5 30. b5 Be8 31. Nc3 Nd7 32. Na4 Rb8 33. g4 e5 34. Rd1 f4
35. Bf3 Bg6 36. Bc6 Nf6 37. Nc3 Rd8 38. Rxd8 Kxd8 39. e4 Kc7 40. Kf3 Bf7 41.
Bd5 Be8 42. Ba8 Bd7 43. Nd5+ Nxd5 44. Bxd5 Kd6 45. Ke2 Be8 46. Kf2 h5 47. Kf3
hxg4+ 48. hxg4 Bd7 49. Bb7 Kc5 50. Bd5 Kd4 51. Bf7 Bc8 52. Bg8 Kc3 53. Bd5 a4
54. Bf7 Kb2 55. c5 bxc5 56. b6 Kc3 57. Bd5 Kd3 58. Bc6 c4 59. Bb5 Bb7 60. Kf2
Bxe4 61. Ba6 Kc3 62. Ke1 Kb3 63. Kd2 c3+ 64. Kc1 Kxa3 65. b7 Bxb7 66. Bxb7 Kb4
0-1

[Event "Elit(Burgsvik-Orgryte)"]
[Site "?"]
[Date "2014.03.08"]
[Round "8"]
[White "Ziegler, Ari"]
[Black "Fries Nielsen, Niels J"]
[Result "1-0"]
[WhiteElo "2353"]
[BlackElo "2411"]
[PlyCount "83"]

1. d4 Nf6 2. c4 c5 3. d5 b5 4. cxb5 a6 5. bxa6 d6 6. Nc3 g6 7. e4 Bg7 8. Bb5+
Nfd7 9. Nge2 O-O 10. O-O Bxa6 11. a4 Bxb5 12. Nxb5 Na6 13. Nec3 Nc7 14. Ra2
Nxb5 15. Nxb5 f5 16. f3 fxe4 17. fxe4 Rxf1+ 18. Kxf1 Be5 19. g3 Nf6 20. Qe2 Qd7
21. Kg2 e6 22. Bg5 exd5 23. Bxf6 Bxf6 24. exd5 Re8 25. Qd3 Bg5 26. b3 Re3 27.
Qc4 h5 28. Re2 Qf5 29. Rf2 Qe5 30. Nc7 Rc3 31. Qe2 Be3 32. Rf1 Rxb3 33. Qf3
Rb2+ 34. Kh1 Qf5 35. Qxf5 gxf5 36. Nb5 Rb4 37. Nxd6 f4 38. Nf5 Rxa4 39. d6 c4
40. d7 Ra8 41. Ne7+ Kh7 42. Nc8 1-0

[Event "Elit(Burgsvik-Orgryte)"]
[Site "?"]
[Date "2014.03.08"]
[Round "8"]
[White "Fries Nielsen, Jens Ove"]
[Black "Tukhaev, Adam"]
[Result "0-1"]
[WhiteElo "2486"]
[BlackElo "2635"]
[PlyCount "92"]

1. d4 d5 2. c4 c6 3. Nd2 Nf6 4. Qc2 e6 5. Ngf3 Nbd7 6. e4 Nxe4 7. Nxe4 dxe4 8.
Qxe4 Bb4+ 9. Nd2 c5 10. a3 Nf6 11. Qf3 Bxd2+ 12. Bxd2 cxd4 13. Bb4 Qc7 14. Qg3
Qxg3 15. hxg3 Ne4 16. Rh4 f5 17. f3 g5 18. Rh6 a5 19. fxe4 axb4 20. exf5 bxa3
21. bxa3 exf5 22. Kd2 O-O 23. Bd3 Bd7 24. c5 Be8 25. Re6 Bc6 26. Bc4 Kg7 27.
Rh1 Rfd8 28. Reh6 Rh8 29. Re6 Rhe8 30. Reh6 Rh8 31. Re6 Rae8 32. Rd6 Re5 33.
Kd3 Rxc5 34. Kxd4 Ra5 35. Rhh6 Re8 36. Bd3 Ra4+ 37. Kc5 Re5+ 38. Kb6 Rxa3 39.
Rh5 h6 40. g4 Rb3+ 41. Kc7 Re7+ 42. Kb8 Rd7 43. Rhxh6 Rxd3 44. Rhg6+ Kf8 45.
Rgf6+ Ke8 46. Rfe6+ Kd8 0-1

[Event "Elit(Burgsvik-Orgryte)"]
[Site "?"]
[Date "2014.03.08"]
[Round "8"]
[White "Kumar, Rahul"]
[Black "Andersson, Tommy"]
[Result "1-0"]
[WhiteElo "2245"]
[BlackElo "2416"]
[PlyCount "121"]

1. Nf3 Nf6 2. d4 e6 3. g3 b5 4. Bg2 Bb7 5. Bg5 c5 6. c3 cxd4 7. Qxd4 Be7 8.
Nbd2 O-O 9. O-O Nc6 10. Qd3 b4 11. Rfd1 d5 12. c4 Ba6 13. Qc2 Rc8 14. Rac1 h6
15. Bf4 Qa5 16. b3 Rfd8 17. Qb2 d4 18. Nf1 e5 19. Bd2 e4 20. Ne1 Qh5 21. e3
dxe3 22. Nxe3 Bc5 23. N1c2 Bb7 24. Be1 Re8 25. Nd5 Ng4 26. h3 Nge5 27. Ncxb4
Nxb4 28. Bxb4 Bxb4 29. Nxb4 Nf3+ 30. Bxf3 exf3 31. Kh2 Re2 32. Rd2 Qa5 33. Qc3
Rce8 34. Rcd1 Qc5 35. Nd3 Qf5 36. Qd4 Bc8 37. g4 Qa5 38. b4 Qc7+ 39. Qf4 Qc6
40. b5 Qg6 41. Qxf3 R2e4 42. Nc5 R4e5 43. Rd5 R5e7 44. R1d2 Qb1 45. Rd8 Qe1 46.
Kg2 h5 47. gxh5 Re5 48. Rxe8+ Rxe8 49. Rd5 Qc1 50. Qd3 Qf4 51. Qd4 Qc1 52. Re5
Rf8 53. a4 f6 54. Re3 Qb1 55. a5 Bf5 56. b6 axb6 57. axb6 Kh7 58. b7 Qb6 59.
Rb3 Qc7 60. Qd5 Bc2 61. Ne6 1-0

[Event "Elit(Burgsvik-Orgryte)"]
[Site "?"]
[Date "2014.03.08"]
[Round "8"]
[White "Krupenski, Juri"]
[Black "Frisk Kockum, Anton"]
[Result "1/2-1/2"]
[WhiteElo "2357"]
[BlackElo "2425"]
[PlyCount "94"]

1. d4 e6 2. c4 Nf6 3. Nf3 Bb4+ 4. Bd2 c5 5. Bxb4 cxb4 6. e3 O-O 7. Be2 d6 8.
O-O a5 9. a3 Na6 10. Ne1 e5 11. axb4 Nxb4 12. Nc2 Qb6 13. Nxb4 Qxb4 14. Qd2
Qxd2 15. Nxd2 Re8 16. Bf3 Ra6 17. b3 g5 18. h3 exd4 19. exd4 h5 20. Rfe1 Rxe1+
21. Rxe1 a4 22. bxa4 Rxa4 23. Bxh5 Be6 24. Bf3 d5 25. cxd5 Bxd5 26. Bxd5 Nxd5
27. Nb3 f6 28. Re8+ Kf7 29. Rd8 Nf4 30. Rd7+ Kg6 31. Rxb7 Ne2+ 32. Kh2 Nxd4 33.
Nc5 Ra2 34. Rd7 Rd2 35. Ne6 Nb3 36. Rb7 Kf5 37. Ng7+ Kg6 38. g4 Nc5 39. Rc7 Rd7
40. Rxd7 Nxd7 41. Nf5 Ne5 42. Kg2 Kf7 43. Kf1 Ng6 44. Kg2 Nf4+ 45. Kg3 Ne2+ 46.
Kf3 Ng1+ 47. Kg2 Ne2 1/2-1/2

[Event "Elit(Burgsvik-Orgryte)"]
[Site "?"]
[Date "2014.03.08"]
[Round "8"]
[White "Gajic, Mladen"]
[Black "Packalen, Marcus"]
[Result "1/2-1/2"]
[WhiteElo "2309"]
[BlackElo "2206"]
[PlyCount "61"]

1. e4 Nf6 2. e5 Nd5 3. d4 d6 4. c4 Nb6 5. exd6 cxd6 6. Nc3 g6 7. Be3 Bg7 8. Bd3
O-O 9. Nge2 Nc6 10. b3 d5 11. c5 Nd7 12. Bb5 e5 13. Bxc6 bxc6 14. O-O Ba6 15.
Re1 Nxc5 16. dxc5 d4 17. Qc1 dxe3 18. Qxe3 Qd3 19. Rad1 Qxe3 20. fxe3 Rfd8 21.
Kf2 f5 22. Rxd8+ Rxd8 23. Rd1 Rxd1 24. Nxd1 Kf7 25. Ndc3 Ke6 26. b4 Bc4 27. Ke1
Bh6 28. Kf2 Bg7 29. Ke1 Bh6 30. Kf2 Bg7 31. Ke1 1/2-1/2

[Event "Elit(Burgsvik-Orgryte)"]
[Site "?"]
[Date "2014.03.08"]
[Round "8"]
[White "Andersson, Bjorn"]
[Black "Arnelind, Mikael"]
[Result "1/2-1/2"]
[WhiteElo "2290"]
[BlackElo "2229"]
[PlyCount "82"]

1. e4 e6 2. d4 d5 3. e5 c5 4. c3 Nc6 5. Nf3 Qb6 6. a3 Nh6 7. b4 cxd4 8. cxd4
Nf5 9. Be3 Bd7 10. Bd3 Rc8 11. O-O a5 12. b5 Nce7 13. a4 Nxe3 14. fxe3 Nf5 15.
Qe2 h5 16. Nbd2 Bb4 17. Rfc1 Ke7 18. Nf1 Rxc1 19. Rxc1 Rc8 20. Rxc8 Bxc8 21.
Qf2 Ke8 22. Nh4 Nxh4 23. Qxh4 g6 24. Qf2 Qc7 25. Qc2 Qxc2 26. Bxc2 Be1 27. g3
Kf8 28. Kg2 Kg7 29. Kf3 f5 30. Ke2 Bb4 31. h3 g5 32. g4 fxg4 33. hxg4 h4 34.
Nh2 b6 35. Nf3 Kh6 36. Ng1 Bb7 37. Nh3 Bc3 38. Nf2 Bb2 39. Kd2 Ba3 40. Ke2 Bb2
41. Bd3 Bc3 1/2-1/2

[Event "Elit(Burgsvik-Orgryte)"]
[Site "?"]
[Date "2014.03.08"]
[Round "8"]
[White "Eksmyr, Johan"]
[Black "Linusson, Pelle"]
[Result "0-1"]
[WhiteElo "2205"]
[BlackElo "2204"]
[PlyCount "86"]

1. d4 Nf6 2. c4 g6 3. g3 c6 4. Bg2 d5 5. Nf3 Bg7 6. Ne5 Ne4 7. O-O O-O 8. f3
Nd6 9. c5 f6 10. Nd3 Nf5 11. Qa4 e5 12. dxe5 fxe5 13. Nc3 Be6 14. Bd2 Nd7 15.
e4 Ne7 16. Qb3 Bf7 17. Qxb7 d4 18. Qa6 dxc3 19. Bxc3 Be6 20. Rfd1 Qc8 21. Qa4
g5 22. Rac1 Ng6 23. Bd2 g4 24. f4 exf4 25. gxf4 Nh4 26. Bc3 Bxc3 27. Rxc3 Nxg2
28. Kxg2 Qc7 29. f5 Bf7 30. Qd4 Rae8 31. Qe3 Rxe4 32. Qg5+ Bg6 33. Nf2 Rxf5 34.
Qd2 Rd5 35. Qc1 Red4 36. Rxd4 Rxd4 37. Qg5 Qe5 38. Qd8+ Kg7 39. Rc1 Nf6 40. Qc8
Rd2 41. Rf1 Be4+ 42. Kg1 g3 43. Nh3 gxh2# 0-1

[Event "Elit(Burgsvik-Orgryte)"]
[Site "?"]
[Date "2014.03.08"]
[Round "8"]
[White "Larsson, Victor"]
[Black "Fransson, Percy"]
[Result "1-0"]
[WhiteElo "2249"]
[BlackElo "2208"]
[PlyCount "89"]

1. d4 Nf6 2. c4 g6 3. Nc3 Bg7 4. e4 d6 5. Nf3 O-O 6. Be2 e5 7. O-O Nc6 8. d5
Ne7 9. b4 Nd7 10. Ba3 f5 11. Ng5 Nf6 12. Bf3 fxe4 13. Ncxe4 Nf5 14. Ne6 Bxe6
15. dxe6 c6 16. b5 Nxe4 17. Bxe4 Nd4 18. bxc6 bxc6 19. Bb2 Rf4 20. Re1 Nxe6 21.
Bxc6 Rb8 22. Bc3 Kh8 23. Bd5 Nc5 24. g3 Rf8 25. Rb1 Qg5 26. Rxb8 Rxb8 27. Bg2
Qe7 28. Qd5 Qc7 29. Rd1 Na4 30. Ba5 Qe7 31. Qxd6 Qxd6 32. Rxd6 h6 33. Be4 Nb2
34. Rc6 Bf8 35. Bc7 Re8 36. Bxg6 Re7 37. Bd8 Rd7 38. Bf6+ Kg8 39. Bxe5 Nd3 40.
Bxd3 Rxd3 41. Rc7 Rd1+ 42. Kg2 Rc1 43. Rxa7 Rxc4 44. Bf4 Rc2 45. Be3 1-0

[Event "Elit(Upsala-Vasteras)"]
[Site "?"]
[Date "2014.03.08"]
[Round "8"]
[White "Akesson, Ralf"]
[Black "Johansson, Jan"]
[Result "1/2-1/2"]
[WhiteElo "2438"]
[BlackElo "2407"]
[PlyCount "96"]

1. d4 Nf6 2. c4 e6 3. Nf3 Bb4+ 4. Nbd2 b6 5. a3 Bxd2+ 6. Qxd2 Bb7 7. b4 a5 8.
b5 d6 9. g3 Nbd7 10. Bg2 O-O 11. O-O e5 12. Bb2 e4 13. Nh4 d5 14. cxd5 Bxd5 15.
Nf5 h6 16. Rac1 Re8 17. Qf4 Ra7 18. g4 Nf8 19. Rc3 Ne6 20. Nxh6+ gxh6 21. Qxh6
Nh7 22. Bc1 Qf6 23. Qh5 Rd8 24. Rh3 Nef8 25. Be3 Raa8 26. g5 Qg6 27. Qh4 Rd7
28. Qg3 Re8 29. Rh6 Qg7 30. Rc1 Re6 31. Rh4 Rg6 32. Rg4 Be6 33. Bxe4 Bxg4 34.
Bxg6 Bxe2 35. Bf5 Re7 36. h4 Ne6 37. d5 Nd4 38. Bxd4 Qxd4 39. Rxc7 Rxc7 40.
Qxc7 Qxd5 41. Bxh7+ Kxh7 42. Qxb6 Bf3 43. Qf6 Qd1+ 44. Kh2 Bd5 45. f3 Qe2+ 46.
Kg3 Qe1+ 47. Kg2 Qe2+ 48. Kg3 Qe1+ 1/2-1/2

[Event "Elit(Upsala-Vasteras)"]
[Site "?"]
[Date "2014.03.08"]
[Round "8"]
[White "Andersson, Fredrik"]
[Black "Sjodahl, Pontus"]
[Result "1/2-1/2"]
[WhiteElo "2357"]
[BlackElo "2488"]
[PlyCount "44"]

1. d4 Nf6 2. c4 e6 3. Nf3 d5 4. Nc3 Bb4 5. Qa4+ Nc6 6. e3 O-O 7. Bd2 Re8 8. Rd1
Bf8 9. Qc2 e5 10. Nxe5 Nxe5 11. dxe5 Rxe5 12. cxd5 Nxd5 13. Nxd5 Rxd5 14. Bc4
Rg5 15. Bc3 Qe8 16. Bd5 Bf5 17. Qe2 c6 18. Bf3 Be4 19. O-O Rg6 20. Rd2 Bxf3 21.
Qxf3 Rd8 22. Rfd1 Rgd6 1/2-1/2

[Event "Elit(Upsala-Vasteras)"]
[Site "?"]
[Date "2014.03.08"]
[Round "8"]
[White "Bergstrom, Peter"]
[Black "Burwick, Malte"]
[Result "1-0"]
[WhiteElo "2332"]
[BlackElo "2294"]
[PlyCount "75"]

1. e4 g6 2. d4 Bg7 3. Nc3 d6 4. Be3 a6 5. Qd2 Nd7 6. h4 h5 7. O-O-O b5 8. Nh3
Bb7 9. Ng5 Nb6 10. Bd3 e6 11. Rhe1 Nf6 12. f3 Qd7 13. Kb1 Nc4 14. Qf2 Nxe3 15.
Qxe3 O-O-O 16. e5 Nd5 17. Nxd5 Bxd5 18. exd6 cxd6 19. Be4 Bxe4 20. fxe4 Bh6 21.
Qg3 Rhe8 22. Rf1 Re7 23. Rd3 Kb7 24. e5 d5 25. Rdf3 Bxg5 26. Qxg5 Kb6 27. Rxf7
Rxf7 28. Rxf7 Qxf7 29. Qxd8+ Kc6 30. Qc8+ Kb6 31. a3 Ka7 32. Ka2 Kb6 33. Kb3
Qf5 34. a4 bxa4+ 35. Kxa4 Qg4 36. Qc5+ Kb7 37. Ka5 Qf5 38. Qe7+ 1-0

[Event "Elit(Upsala-Vasteras)"]
[Site "?"]
[Date "2014.03.08"]
[Round "8"]
[White "Malm Lindberg, Henrik"]
[Black "Eriksson, Anders"]
[Result "1-0"]
[WhiteElo "2274"]
[BlackElo "2352"]
[PlyCount "81"]

1. e4 c6 2. d4 d5 3. e5 Bf5 4. Nf3 e6 5. Be2 Ne7 6. O-O Nd7 7. Nbd2 Nc8 8. a4
Be7 9. Ne1 f6 10. f4 fxe5 11. fxe5 O-O 12. c3 c5 13. Bd3 Bxd3 14. Nxd3 Rxf1+
15. Qxf1 cxd4 16. cxd4 a6 17. Nf3 Na7 18. Bd2 Nc6 19. Nf4 Nf8 20. Bc3 Rc8 21.
g3 Qb6 22. Qh3 Na7 23. Rf1 Qc6 24. Qg4 Qd7 25. h4 Rc4 26. Nh5 Ng6 27. Nxg7 Kxg7
28. h5 Qe8 29. Qxe6 Nf8 30. h6+ Kh8 31. Qxd5 Rxa4 32. Qxb7 Nb5 33. Ng5 Nd7 34.
Nf7+ Kg8 35. Qd5 Nxc3 36. bxc3 Nb6 37. Qe4 Qc8 38. e6 Qxc3 39. Qg4+ Kf8 40.
Nd6+ Bf6 41. Qg7# 1-0